[Event "It (open)"]
[Site "masterchessopen.com USA"]
[Round "0"]
[White "Hough Randall D (USA)"]
[Black "Chow Albert (USA)"]
[Result "0-1"]
[WhiteElo "1993"]
[BlackElo "2310"]

1.d4 Nf6 2.c4 e6 3.g3 d5 4.Nf3 Bb4+ 5.Bd2 Be7 6.Qc2 O-O 7.Bg2 Nbd7 8.O-O c6
9.Nc3 dxc4 10.e4 b5 11.e5 Nd5 12.Ne4 Bb7 13.Neg5 g6 14.h4 c5 15.dxc5 Nxc5
16.h5 Kg7 17.hxg6 hxg6 18.Rad1 Rh8 19.b3 Rh5 20.b4 Nd3 21.Ne4 N5xb4 22.Bxb4
Bxe4 23.Bxe7 Qxe7 24.Qc3 Qb7 {#R} 0-1

[Event "It (open)"]
[Site "masterchessopen.com Mainz (Germany)"]
[Round "1"]
[White "Linnanen Lassi (FIN)"]
[Black "Roth Rolf (SUI)"]
[Result "0-1"]
[WhiteElo "2168"]
[BlackElo "2290"]

1.d4 e6 2.c4 d5 3.Nf3 Nf6 4.g3 Bb4+ 5.Bd2 Bxd2+ 6.Nbxd2 O-O 7.Bg2 Bd7 8.O-O
dxc4 9.Ne5 Nd5 10.Ndxc4 f6 11.Nxd7 Qxd7 12.Qb3 Nc6 13.Rfd1 Kh8 14.e4 Nb6 15.d5
exd5 16.exd5 Ne5 17.Na5 Rab8 18.Rac1 Rfd8 19.a3 g5 20.Qc3 Qb5 21.f4 gxf4
22.gxf4 Rg8 23.fxe5 Qe2 24.Qh3 Rxg2+ 25.Kh1 Rbg8 26.Rg1 Rxg1+ 27.Rxg1 Qe4+
28.Qg2 Rxg2 29.Rxg2 Qe1+ 30.Rg1 {#R} 0-1

[Event "It (open)"]
[Site "masterchessopen.com Bern (Switzerland)"]
[Round "3"]
[White "Wyss Thomas (SUI)"]
[Black "Meier Franz (SUI)"]
[Result "1-0"]
[WhiteElo "2252"]
[BlackElo "1984"]

1.Nf3 Nf6 2.c4 e6 3.g3 d5 4.d4 Bb4+ 5.Bd2 Bxd2+ 6.Qxd2 O-O 7.Bg2 Ne4 8.Qe3 f5
9.Nc3 c6 10.O-O Nd7 11.b4 Ndf6 12.Ne5 Bd7 13.Rfc1 Qe7 14.a4 Nxc3 15.Qxc3 Ne4
16.Bxe4 fxe4 17.c5 a6 18.f3 exf3 19.exf3 Rf6 20.Rab1 Be8 21.Rb3 h5 22.h4 Bg6
23.b5 axb5 24.axb5 Qc7 25.Ra1 Rxa1+ 26.Qxa1 Rf8 27.bxc6 bxc6 28.Qa6 Rb8
29.Qxc6 Qa5 30.Qxe6+ Bf7 31.Rxb8+ Kh7 {#r} 1-0

[Event "It (open)"]
[Site "masterchessopen.com Castellar (Spain)"]
[Round "0"]
[White "Flear Glenn C (ENG)"]
[Black "Perdomo Carlos Andres (COL)"]
[Result "1-0"]
[WhiteElo "2435"]
[BlackElo "2315"]

1.d4 d5 2.c4 e6 3.Nf3 Nf6 4.g3 Bb4+ 5.Bd2 Qe7 6.Qc2 Ne4 7.Bg2 c6 8.O-O Nxd2
9.Nbxd2 Nd7 10.e4 O-O 11.Rad1 Bxd2 12.Nxd2 Nb6 13.Rfe1 dxc4 14.e5 Rd8 15.Nxc4
Nxc4 16.Qxc4 Bd7 17.h4 Be8 18.Be4 Rd7 19.Bc2 Rad8 20.Qd3 g6 21.Qc3 Rc8 22.b4
Qd8 23.a3 h5 24.Rd3 a5 25.Re4 axb4 26.axb4 b6 27.Rf4 Ra7 28.Bb3 Rca8 29.Rd1
Ra3 30.Rb1 Qe7 31.Qe1 c5 32.bxc5 bxc5 33.d5 Rxb3 34.Rxb3 exd5 35.Rb6 {#r} 1-0

[Event "It (open)"]
[Site "masterchessopen.com Minsk (Belarus)"]
[Round "3"]
[White "Mochalov Evgeny V (BLR)"]
[Black "Botvinnik Ilia (ISR)"]
[Result "1-0"]
[WhiteElo "2465"]
[BlackElo "2350"]

1.d4 Nf6 2.c4 e6 3.g3 d5 4.Nf3 Bb4+ 5.Bd2 Be7 6.Bg2 c6 7.Qc2 b6 8.b3 Bb7 9.O-O
Na6 10.Nc3 Rc8 11.Rad1 O-O 12.e4 c5 13.exd5 exd5 14.dxc5 Nb4 15.Qb1 d4 16.Nb5
Be4 17.Qb2 Nd3 18.Qxd4 Bxc5 19.Qxd8 Rcxd8 20.Be3 Bxe3 21.fxe3 Ng4 22.Ne1 Bxg2
23.Nxg2 Ndf2 24.Rd4 Nh3+ 25.Kh1 Ngf2+ 26.Rxf2 Nxf2+ 27.Kg1 Nh3+ 28.Kf1 Ng5
29.Ke2 Rfe8 30.Rxd8 Rxd8 31.Nf4 f5 32.Nd5 Kf7 33.Nd4 g6 34.Nc6 Ra8 35.b4 Ne4
36.Kd3 Nd6 37.Kd4 Rc8 38.b5 Re8 39.Ne5+ Kg7 40.a4 Rc8 41.Nc6 Re8 42.Nc3 Nc8
43.a5 g5 44.Nxa7 Rd8+ 45.Nd5 bxa5 46.Nxc8 Rxc8 47.b6 a4 48.c5 a3 49.Nb4 Kf6
50.b7 Rd8+ 51.Kc4 Ke5 52.Nc6+ Ke4 53.Kb3 Re8 54.b8=Q Rxb8+ 55.Nxb8 Kd5 56.c6
Kd6 57.Kxa3 {#r} 1-0

[Event "It (open)"]
[Site "masterchessopen.com Neuchatel (Switzerland)"]
[Round "2"]
[White "Wojtkiewicz Aleksander (USA)"]
[Black "Daverio Edoardo (SUI)"]
[Result "1-0"]
[WhiteElo "2525"]
[BlackElo "2038"]

1.Nf3 d5 2.d4 Nf6 3.c4 e6 4.g3 Bb4+ 5.Bd2 a5 6.a3 Bd6 7.Bg2 Bd7 8.Qc2 O-O
9.O-O Nc6 10.Bf4 Ne7 11.Bg5 Ng6 12.Nbd2 Bc6 13.Rfe1 Qd7 14.cxd5 Nxd5 15.Nc4 h6
16.Bd2 b6 17.e4 Ndf4 18.gxf4 Bxf4 {#r} 1-0

[Event "It (open)"]
[Site "masterchessopen.com Polanica Zdroj (Poland)"]
[Round "1"]
[White "Krasenkova Ilena (RUS)"]
[Black "Rustemov Alexander (RUS)"]
[Result "0-1"]
[WhiteElo "2190"]
[BlackElo "2535"]

1.d4 d5 2.c4 e6 3.Nf3 Nf6 4.g3 Bb4+ 5.Bd2 Be7 6.Nc3 O-O 7.cxd5 exd5 8.Qc2 c6
9.Bg2 Nbd7 10.O-O Re8 11.Rfe1 Bf8 12.Rad1 h6 13.Bf4 Nb6 14.Ne5 Be6 15.Nd3 Bf5
16.Qc1 Bd6 17.Bxd6 Qxd6 18.Nc5 Re7 19.f3 Qc7 20.e4 dxe4 21.fxe4 Bg4 22.Rd3
Nfd7 23.Nxd7 Qxd7 24.d5 Nc4 25.b3 Ne5 26.Rde3 Qd6 27.h3 Bh5 28.Qb2 Rae8 29.Qf2
f6 30.Qf4 Bf7 31.Rd1 Qc5 32.Qf2 cxd5 33.Nxd5 Bxd5 34.Rxd5 Qc8 35.Bf1 Rc7
36.Rd2 Rc1 37.Kg2 Qc6 38.a4 a6 39.Be2 Rf8 40.g4 Qc7 41.Qf5 Qb6 42.Qf2 Qb4
43.Bf3 Rfc8 44.Bd1 a5 45.Bf3 Rb1 46.Bd1 Qb6 47.Re1 Qxf2+ 48.Kxf2 Rc3 49.Re3
Rcc1 50.Be2 Kh7 51.Rd5 b6 52.Rd6 Rc2 53.Kg3 Rbb2 54.Bf3 g5 55.h4 Nxf3 56.Rd7+
Kg8 57.Kxf3 Rf2+ 58.Kg3 Rg2+ 59.Kh3 Rh2+ 60.Kg3 Rbg2+ 61.Kf3 Rf2+ {#R} 0-1

[Event "It (open)"]
[Site "masterchessopen.com Yerevan (Armenia)"]
[Round "7"]
[White "Novikov Igor A (USA)"]
[Black "Lempert Igor (UKR)"]
[Result "1-0"]
[WhiteElo "2585"]
[BlackElo "2470"]

1.Nf3 d5 2.d4 Nf6 3.c4 e6 4.g3 Bb4+ 5.Bd2 Be7 6.Bg2 O-O 7.O-O Nbd7 8.Qc2 c6
9.Rd1 a5 10.b3 Ne4 11.Nc3 Nxd2 12.Rxd2 f5 13.e3 Bd6 14.Na4 Qe7 15.Nb2 b5
16.Rc1 Ba6 17.Qd1 bxc4 18.bxc4 Ba3 19.cxd5 cxd5 20.Bf1 Rfb8 21.Bxa6 Bxb2
22.Rc6 Ba3 23.Rdc2 Bd6 24.a4 Rb6 25.Bb5 Rxc6 26.Rxc6 h6 27.Qc2 Nf8 28.Ne5 h5
29.Qe2 h4 30.Qh5 hxg3 31.hxg3 Bxe5 32.dxe5 Ra7 33.Rc8 Rc7 34.Qe8 Qxe8 35.Rxe8
g5 36.f4 gxf4 37.gxf4 Kf7 38.Ra8 Ke7 39.Rxa5 d4 40.exd4 Ng6 41.Kf2 Nxf4 42.Ke3
Nd5+ 43.Kd2 Nb4 44.Ra8 Rc2+ 45.Kd1 Rh2 46.Ra7+ Kf8 47.Bc4 Rh4 48.Rd7 Nd5
49.Bxd5 Rxd4+ 50.Kc2 exd5 51.Kb3 Ke8 52.Rh7 Rd1 53.Kb4 Ra1 54.Kc5 Rxa4 55.e6
f4 56.Kd6 Ra6+ 57.Ke5 f3 58.Kf6 Kd8 59.Rd7+ Ke8 60.Rb7 Kd8 61.Kf7 Kc8 {#r} 1-0

[Event "It (open)"]
[Site "masterchessopen.com Bad Wiessee (Germany)"]
[Round "9"]
[White "Grabarczyk Miroslaw (POL)"]
[Black "Schlosser Philipp (GER)"]
[Result "1-0"]
[WhiteElo "2480"]
[BlackElo "2550"]

1.d4 Nf6 2.c4 e6 3.Nf3 d5 4.g3 Bb4+ 5.Bd2 Be7 6.Bg2 c6 7.Qc2 O-O 8.O-O b6 9.b3
Ba6 10.Rd1 Nbd7 11.Bf4 Rc8 12.Nc3 dxc4 13.Nd2 c5 14.dxc5 Rxc5 15.b4 Rf5 16.e4
Rxf4 17.gxf4 Bxb4 18.Rab1 Ba5 19.Nb5 Bxb5 20.Rxb5 a6 21.Rbb1 b5 22.a4 Nh5
23.axb5 Nxf4 24.Nf3 axb5 25.Rxb5 Bc7 26.Qxc4 Qc8 27.Qc6 Nf6 28.Rc5 e5 29.Nxe5
Rd8 30.Nd7 Rxd7 31.Rxd7 Qxd7 32.Qxd7 Nxd7 33.Rxc7 Nf8 34.Bf1 N4g6 35.Bc4 Ne5
36.f4 Nxc4 37.Rxc4 h6 38.Kf2 g5 39.Ke3 Ng6 40.fxg5 hxg5 41.Rc5 f6 42.Rc7 Ne5
43.Kd4 Nf3+ 44.Kd5 Nxh2 45.Ke6 Ng4 46.Kf5 {#r} 1-0

[Event "It (open)"]
[Site "masterchessopen.com Biel (Switzerland)"]
[Round "2"]
[White "Levin Felix (GER)"]
[Black "Zaiatz Elena (RUS)"]
[Result "1-0"]
[WhiteElo "2475"]
[BlackElo "2240"]

1.Nf3 d5 2.d4 Nf6 3.c4 e6 4.g3 Bb4+ 5.Bd2 a5 6.Bg2 c6 7.O-O dxc4 8.Bxb4 axb4
9.Ne5 O-O 10.Nxc4 Nbd7 11.Nbd2 Qe7 12.Nf3 Ra6 13.Nfe5 b5 14.Nxd7 Nxd7 15.Ne3
c5 16.dxc5 Nxc5 17.Qc2 Na4 18.Qb3 Nb6 19.Nc2 Ra4 20.Qd3 Ra5 21.Qd2 Nc4 22.Qxb4
Qxb4 23.Nxb4 Nxb2 24.Rfb1 Na4 25.Nc6 Ra6 26.Ne7+ Kh8 27.Nxc8 {#r} 1-0

[Event "It (open)"]
[Site "masterchessopen.com Espoo (Finland)"]
[Round "1"]
[White "Veingold Aleksandr (EST)"]
[Black "Leino Jukka (FIN)"]
[Result "1-0"]
[WhiteElo "2450"]
[BlackElo "2178"]

1.d4 Nf6 2.Nf3 e6 3.c4 d5 4.g3 Bb4+ 5.Bd2 Be7 6.Bg2 Nbd7 7.O-O O-O 8.Qc2 b6
9.cxd5 Nxd5 10.Nc3 Bb7 11.Nxd5 exd5 12.b4 Ba6 13.Bc3 Re8 14.Rfd1 c6 15.e3 Bd6
16.a4 Qe7 17.Qb2 Bc4 18.b5 Rac8 19.Nd2 cxb5 20.axb5 Nf6 21.Ra4 Bxb5 22.Qxb5
Rxc3 23.Bxd5 h5 24.Bf3 h4 25.Kg2 Bb8 26.d5 Rec8 27.Rxh4 R8c5 28.Qb1 Rc2 29.Ne4
Nxe4 30.Bxe4 R2c3 31.Bh7+ Kf8 32.Bf5 Qe5 33.f4 Qxe3 34.Rh8+ Ke7 35.Re1 {#r}
1-0

[Event "It (open)"]
[Site "masterchessopen.com Groningen (Netherlands)"]
[Round "7"]
[White "Ippolito Dean (USA)"]
[Black "Schlosser Philipp (GER)"]
[Result "0-1"]
[WhiteElo "2390"]
[BlackElo "2550"]

1.d4 Nf6 2.c4 e6 3.g3 d5 4.Nf3 Bb4+ 5.Bd2 Be7 6.Bg2 c6 7.Qb3 Nbd7 8.O-O Nb6
9.Ba5 dxc4 10.Qc2 Qd5 11.Bxb6 axb6 12.Ne5 Qxd4 13.Nxc6 Qc5 14.Nxe7 Kxe7 15.Nd2
b5 16.Rfd1 Ra6 17.b3 Rd6 18.Ne4 Nxe4 19.Qxe4 Rhd8 20.Rxd6 Rxd6 21.Qxh7 c3
22.Be4 Rd2 23.b4 Qe5 24.Re1 Rxa2 25.Rd1 Rxe2 26.Qg8 Rd2 27.Rc1 Bd7 28.Qh7 Qd4
29.Qh4+ f6 30.Qf4 Rd1+ 31.Rxd1 Qxd1+ 32.Kg2 c2 {#R} 0-1

[Event "It (open)"]
[Site "masterchessopen.com Minsk (Belarus)"]
[Round "4"]
[White "Murashko Vyacheslav L (UKR)"]
[Black "Neverov Valeriy (UKR)"]
[Result "0-1"]
[WhiteElo "2415"]
[BlackElo "2560"]

1.c4 e6 2.Nf3 Nf6 3.g3 d5 4.d4 Bb4+ 5.Bd2 Be7 6.Qc2 O-O 7.Bg2 c6 8.O-O Nbd7
9.Rd1 Ne4 10.Be1 f5 11.Nc3 b6 12.Qa4 Bb7 13.Rac1 Kh8 14.cxd5 exd5 15.b4 b5
16.Qb3 Bd6 17.a4 a6 18.a5 Qe7 19.e3 Rae8 20.Ne2 Bb8 21.Nf4 Nd6 22.Nd3 Nc4
23.Bc3 Nf6 24.Nfe5 Ng4 25.Nxg4 fxg4 26.Re1 Qf7 27.Qc2 Re6 28.e4 Rh6 29.exd5
Qh5 30.Ne5 Nxe5 31.Rxe5 Qxh2+ 32.Kf1 Bxe5 33.dxe5 Qxg3 34.Kg1 Qh2+ 35.Kf1 cxd5
36.Bd4 Re6 37.Qc7 Qf4 38.Rd1 Bc6 39.Bc5 Rfe8 40.Qa7 g3 41.Kg1 gxf2+ 42.Bxf2 d4
{#R} 0-1

[Event "It (open)"]
[Site "masterchessopen.com Mondariz (Spain)"]
[Round "0"]
[White "Guevara Pijoan Josep (ESP)"]
[Black "Garcia Cervigon Cecilio (ESP)"]
[Result "1-0"]
[WhiteElo "2149"]
[BlackElo "1844"]

1.c4 Nf6 2.Nf3 e6 3.g3 d5 4.d4 Bb4+ 5.Bd2 Be7 6.Bg2 b6 7.O-O Bb7 8.Nc3 O-O
9.cxd5 exd5 10.Rc1 c5 11.h3 Nc6 12.Be3 c4 13.Qc2 a6 14.Rcd1 b5 15.a3 Re8
16.Nh4 Bc8 17.Nf5 Be6 18.Bg5 Ne4 19.Nxe7+ Nxe7 20.Nxe4 Bf5 21.f3 h6 22.g4 Bh7
23.Bh4 Qb6 24.Qd2 dxe4 25.fxe4 Nc6 26.Bf2 Qc7 27.e5 Rad8 28.Qc3 Qd7 29.Qf3 Na5
30.Be1 Nb3 31.e3 Rxe5 32.Bh4 Bc2 33.Bxd8 Bxd1 34.Rxd1 Qxd8 35.dxe5 {#r} 1-0

[Event "It (open)"]
[Site "masterchessopen.com Polanica Zdroj (Poland)"]
[Round "2"]
[White "Vaulin Alexander (RUS)"]
[Black "Galinsky Timofey (UKR)"]
[Result "1-0"]
[WhiteElo "2530"]
[BlackElo "2335"]

1.c4 e6 2.d4 d5 3.Nf3 Nf6 4.g3 Bb4+ 5.Bd2 Bxd2+ 6.Nbxd2 O-O 7.Bg2 b6 8.O-O Bb7
9.cxd5 exd5 10.b4 c6 11.Qb3 Qd6 12.Ne5 Na6 13.a3 Nc7 14.Rac1 a5 15.bxa5 Rxa5
16.Ndc4 dxc4 17.Nxc4 Rb5 18.Nxd6 Rxb3 19.Nxb7 Nb5 20.e3 c5 21.dxc5 bxc5
22.Rxc5 Nxa3 23.Rfc1 g6 24.Nd6 Rd3 25.Ne4 Nd7 26.Rc7 Ne5 27.Re7 Ng4 28.h3 Nh6
29.Bf1 Rb3 30.g4 Rb1 31.Rxb1 Nxb1 32.Rb7 Na3 33.Bd3 Rd8 34.Rb3 Ra8 35.g5 Nf5
36.Nf6+ Kg7 37.Be4 Ra5 38.Bxf5 Rxf5 39.Rxa3 {#r} 1-0

[Event "It (open)"]
[Site "masterchessopen.com Pula (Croatia)"]
[Round "1"]
[White "Vecera Pavel (CZE)"]
[Black "Kacheishvili Giorgi (GEO)"]
[Result "0-1"]
[WhiteElo "2203"]
[BlackElo "2550"]

1.d4 Nf6 2.c4 e6 3.Nf3 d5 4.g3 Bb4+ 5.Bd2 Be7 6.Bg2 O-O 7.b3 c6 8.Bc3 a5 9.O-O
Nbd7 10.Nbd2 b5 11.Qc2 Ba6 12.Rfe1 c5 13.cxb5 Bxb5 14.Rad1 Qb6 15.h3 Rfc8
16.Qb1 Rab8 17.e4 cxd4 18.Bxd4 Bc5 19.Bxc5 Nxc5 20.Ne5 dxe4 21.Nxe4 Ncxe4
22.Bxe4 Rc3 23.Kg2 Nxe4 24.Rxe4 f6 25.Rh4 h6 26.Rxh6 Bc6+ 27.Nxc6 Qxc6+ 28.Kh2
Rc2 {#R} 0-1

[Event "It (open)"]
[Site "masterchessopen.com Tammisaari (Finland)"]
[Round "2"]
[White "Veingold Aleksandr (EST)"]
[Black "Tuominen Risto (FIN)"]
[Result "0-1"]
[WhiteElo "2450"]
[BlackElo "2283"]

1.d4 Nf6 2.Nf3 d5 3.c4 e6 4.g3 Bb4+ 5.Bd2 Bxd2+ 6.Nbxd2 O-O 7.Bg2 c6 8.O-O
Nbd7 9.Qc2 b6 10.e4 dxe4 11.Nxe4 Nxe4 12.Qxe4 Bb7 13.Rfd1 Rb8 14.Qe3 Qc7
15.Rd2 Rbd8 16.Rad1 c5 17.b3 h6 18.h3 cxd4 19.Nxd4 Bxg2 20.Kxg2 Nf6 21.Nb5
Qc6+ 22.Qf3 Qxf3+ 23.Kxf3 Rxd2 24.Rxd2 Ra8 25.Rd6 Kf8 26.Rc6 Ne8 27.c5 bxc5
28.Rxc5 a6 29.Na3 Nd6 30.Nc2 Ke7 31.Nb4 Nb5 32.Ke3 Kd7 33.a4 Nc7 34.Kd3 g5
35.Kc4 f6 36.Nd3 a5 37.Kc3 Kd6 38.Kb2 e5 39.f3 h5 40.Rc1 Ne6 41.Ka3 Nd4 42.f4
e4 43.Nb2 gxf4 44.gxf4 Rg8 {#R} 0-1

[Event "It (open)"]
[Site "masterchessopen.com Paris (France)"]
[Round "5"]
[White "Ivanov Mikhail M (RUS)"]
[Black "Dizdar Goran (CRO)"]
[Result "1-0"]
[WhiteElo "2455"]
[BlackElo "2570"]

1.d4 Nf6 2.Nf3 d5 3.c4 e6 4.g3 Bb4+ 5.Bd2 Be7 6.Bg2 c6 7.Qc2 O-O 8.O-O b6 9.b3
Bb7 10.Nc3 Na6 11.Rad1 Qc8 12.Bf4 dxc4 13.bxc4 c5 14.Nb5 Be4 15.Qb2 Rd8
16.dxc5 Nxc5 17.Nd6 Bxd6 18.Bxd6 Ne8 19.Be7 Rxd1 20.Rxd1 Qc7 21.Bg5 Rc8 22.Bf4
Qb7 23.Be3 h6 24.h3 Qe7 25.Qb4 Nd6 26.Kh2 Ndb7 27.Rd4 Na5 28.Rxe4 f5 29.Re5
{#r} 1-0

[Event "It (open)"]
[Site "masterchessopen.com Saint-Quentin (France)"]
[Round "2"]
[White "Todorov Ognjan (BUL)"]
[Black "Costagliola Bernard (FRA)"]
[Result "1-0"]
[WhiteElo "2345"]
[BlackElo "2020"]

1.d4 d5 2.Nf3 Nf6 3.c4 e6 4.g3 Bb4+ 5.Bd2 Qe7 6.Bg2 O-O 7.O-O Bxd2 8.Qxd2 Ne4
9.Qc2 c6 10.Ne5 f6 11.Nd3 Nd7 12.Nc3 Nxc3 13.Qxc3 dxc4 14.Qxc4 Nb6 15.Qb3 Rd8
16.e3 Kf8 17.Rac1 e5 18.dxe5 fxe5 19.Nc5 Nd5 20.f4 Nf6 21.Qc3 exf4 22.exf4 b6
23.Nb3 Nd5 24.Bxd5 Rxd5 25.Rfe1 Qf7 26.Nd4 c5 27.Nc6 Be6 28.Re3 Rc8 29.Nxa7
Rc7 30.Rce1 Rxa7 31.Rxe6 b5 32.Qe3 g6 33.Qc3 Rf5 34.Qh8+ Qg8 35.Re8+ {#r} 1-0

[Event "It (open)"]
[Site "masterchessopen.com Presov (Slovakia)"]
[Round "1"]
[White "Kopjonkin Gennady (RUS)"]
[Black "Varholakova Niki (SVK)"]
[Result "1-0"]
[WhiteElo "2308"]
[BlackElo "2173"]

1.d4 d5 2.Nf3 Nf6 3.c4 e6 4.g3 Bb4+ 5.Bd2 Bxd2+ 6.Nbxd2 c6 7.Bg2 Na6 8.O-O O-O
9.a3 b6 10.b4 Bb7 11.Ne5 Nc7 12.e3 Nd7 13.Nd3 Qe7 14.Qb3 Rab8 15.Qc3 Rfc8
16.Rfc1 f6 17.cxd5 cxd5 18.Qb3 Nb5 19.a4 Nd6 20.b5 a5 21.bxa6 Bxa6 22.Nb4 Bb7
{#r} 1-0

[Event "It (open)"]
[Site "masterchessopen.com Sants (Spain)"]
[Round "6"]
[White "Panchenko Alexandar G (UKR)"]
[Black "Campos Moreno Javier B (CHI)"]
[Result "1-0"]
[WhiteElo "2398"]
[BlackElo "2484"]

1.d4 Nf6 2.Nf3 d5 3.c4 e6 4.g3 Bb4+ 5.Bd2 Be7 6.Nc3 O-O 7.Qb3 Nc6 8.cxd5 exd5
9.Bg2 Bg4 10.e3 Na5 11.Qc2 Nc4 12.Ne5 Nxe5 13.dxe5 Nd7 14.h3 Be6 15.Nxd5 Nxe5
16.Nxe7+ Qxe7 17.Bc3 Nc6 18.Qa4 Rfd8 19.O-O Rd7 20.Qb5 Nd8 21.Rfd1 c6 22.Rxd7
Bxd7 23.Qa5 c5 24.Qc7 Rc8 25.Qe5 Qxe5 26.Bxe5 Bc6 27.Rd1 f6 28.Bc3 Bxg2
29.Kxg2 Ne6 30.Rd6 Nf8 31.f4 Kf7 32.Kf3 Ke7 33.Rd5 Ne6 34.g4 b6 35.h4 Rd8
36.Rxd8 Kxd8 37.e4 Ke7 38.e5 fxe5 39.Bxe5 g6 40.Ke4 Nd8 41.f5 gxf5+ 42.Kxf5
Nc6 43.g5 Kf7 44.h5 c4 45.Ke4 b5 46.a3 a5 47.Bd4 b4 48.a4 Ne7 49.Bc5 c3
50.bxc3 b3 51.Ba3 Nc8 52.Kd3 Nb6 53.c4 Nxa4 54.c5 Ke6 55.c6 Nb6 56.c7 Nc8
57.Bc5 a4 58.Kc3 {#r} 1-0

[Event "It (open)"]
[Site "masterchessopen.com Cannes (France)"]
[Round "5"]
[White "Kinsman Andrew P H (ENG)"]
[Black "Letreguilly Olivier (FRA)"]
[Result "1-0"]
[WhiteElo "2417"]
[BlackElo "2298"]

1.d4 d5 2.Nf3 e6 3.c4 Nf6 4.g3 Bb4+ 5.Bd2 c5 6.Bxb4 cxb4 7.Nbd2 O-O 8.Bg2 Nc6
9.Qc2 a5 10.O-O a4 11.Rfd1 Bd7 12.e4 b3 13.axb3 axb3 14.Qd3 dxe4 15.Nxe4 Nxe4
16.Qxe4 Ra2 17.Rab1 Qf6 18.Qd3 Na5 19.Ne5 Bc8 20.Be4 h6 21.Qc3 Rd8 22.Rd2 Ra4
23.Rbd1 Re8 24.Bb1 g6 25.Qd3 h5 26.Re1 b6 27.c5 bxc5 {#r} 1-0

[Event "It (open)"]
[Site "masterchessopen.com Crans Montana (Switzerland)"]
[Round "7"]
[White "Tukmakov Vladimir B (UKR)"]
[Black "Kachiani-G Ketino (GER)"]
[Result "1-0"]
[WhiteElo "2582"]
[BlackElo "2448"]

1.Nf3 Nf6 2.c4 e6 3.g3 d5 4.d4 Bb4+ 5.Bd2 a5 6.Bg2 dxc4 7.O-O Ra6 8.Na3 Bxa3
9.bxa3 b5 10.Rb1 c6 11.a4 b4 12.a3 b3 13.Qc1 Ne4 14.Qxc4 Qd5 15.Qd3 c5 16.Ng5
f5 17.Nxe4 fxe4 18.Bxe4 Qxd4 19.Rxb3 Nd7 20.Qxd4 cxd4 21.Rc1 O-O 22.Rb5 Nf6
23.Bf3 Bd7 24.Rxa5 Rxa5 25.Bxa5 e5 26.Bb4 Re8 27.a5 e4 28.Bg2 Bb5 29.Rd1 d3
30.exd3 Bxd3 31.Bf1 Rd8 32.Be7 Rd7 33.Bxf6 gxf6 34.Bxd3 exd3 35.Kg2 Kg7 36.Kf3
Kg6 37.Ke3 Rd5 38.Rxd3 Rxa5 39.Kd4 h5 40.Kc4 Ra8 41.h4 Kf5 42.Kb3 Rb8+ 43.Ka2
Ke4 44.Re3+ Kd4 45.Rf3 Ke5 46.a4 Rb4 47.Ka3 Rb1 48.a5 Ra1+ 49.Kb4 Ra2 50.Ra3
{#r} 1-0

[Event "It (open)"]
[Site "masterchessopen.com Haarlem (Netherlands)"]
[Round "6"]
[White "Ernst Sipke (NED)"]
[Black "Gofshtein Zvulon (ISR)"]
[Result "0-1"]
[WhiteElo "2373"]
[BlackElo "2561"]

1.d4 Nf6 2.c4 e6 3.g3 d5 4.Nf3 Bb4+ 5.Bd2 Be7 6.Bg2 c6 7.Qc2 b6 8.O-O Ba6 9.b3
Nbd7 10.Rd1 O-O 11.Bf4 Rc8 12.Nc3 Nh5 13.Bc1 f5 14.a4 Bd6 15.Ba3 Bxa3 16.Rxa3
Qe7 17.Raa1 Nhf6 18.a5 b5 19.c5 e5 20.dxe5 Nxe5 21.Nxe5 Qxe5 22.Na2 Rc7 23.Nb4
Bc8 24.e3 Qe8 25.Qc3 Re7 26.Qd4 Re4 27.Qc3 g5 28.Re1 Re6 29.Qd4 f4 30.Nd3 fxg3
31.fxg3 Qe7 32.Ra2 Ne4 33.b4 Bd7 34.Nf2 Nxf2 35.Rxf2 Rxf2 36.Kxf2 Re5 37.Re2
Bf5 38.Re1 Be4 39.Bh3 Qf7+ 40.Ke2 Bf3+ 41.Kd2 Re4 42.Qc3 d4 43.exd4 Qa2+
44.Kc1 Rxe1+ 45.Qxe1 Qa1+ 46.Kd2 Qxd4+ 47.Kc2 Be4+ 48.Kb3 Bd5+ 49.Kc2 Qc4+
50.Kb2 Qb3+ 51.Kc1 Qa3+ 52.Kd1 {#R} 0-1

[Event "It (open)"]
[Site "masterchessopen.com Lenk (Switzerland)"]
[Round "5"]
[White "Tukmakov Vladimir B (UKR)"]
[Black "Kachiani-G Ketino (GER)"]
[Result "1-0"]
[WhiteElo "2582"]
[BlackElo "2448"]

1.Nf3 Nf6 2.c4 e6 3.g3 d5 4.d4 Bb4+ 5.Bd2 a5 6.Qc2 c5 7.cxd5 cxd4 8.Nxd4 O-O
9.Bg2 Qb6 10.e3 e5 11.Ne2 Bg4 12.Nbc3 Rc8 13.Qd1 Nbd7 14.h3 Bh5 15.O-O Nc5
16.g4 Bg6 17.Ng3 Rd8 18.g5 Bxc3 19.Bxc3 Nfe4 20.Bxe5 Nxg3 21.Bxg3 Be4 22.d6
Bxg2 23.Kxg2 Ne4 24.Qd4 Qxd4 25.exd4 Nxg3 26.fxg3 Rxd6 27.Rad1 h6 28.gxh6 Rxh6
29.h4 Rb6 30.Rd2 g6 31.Rf4 Rd8 32.Kf3 a4 33.d5 a3 34.bxa3 Rbd6 35.Rfd4 Kg7
36.Ke4 Re8+ 37.Kd3 b5 38.Rb2 Rf6 39.Rxb5 Rf3+ 40.Kc4 Rxa3 41.d6 Rxa2 42.d7 Rd8
43.Kc5 Ra7 44.Kc6 f5 45.Rb7 Raa8 46.Kc7 Kf6 47.Rd3 f4 48.gxf4 Kf5 49.Rd4 Kg4
50.Rb6 Kxh4 51.Rxg6 Kh5 52.Rg5+ Kh6 53.Rd1 {#r} 1-0

[Event "It (open)"]
[Site "masterchessopen.com Oberwart (Austria)"]
[Round "3"]
[White "Eidenberger Otto"]
[Black "Kreindl Helmut (AUT)"]
[Result "0-1"]
[WhiteElo "2010"]
[BlackElo "2193"]

1.d4 d5 2.Nf3 Nf6 3.c4 e6 4.g3 Bb4+ 5.Bd2 Be7 6.Bg2 O-O 7.Qc2 c6 8.O-O Ne4
9.Bc1 Nd7 10.Nfd2 f5 11.f3 Nxd2 12.Bxd2 Bf6 13.e3 dxc4 14.Qxc4 Nb6 15.Qb3 Qd5
16.Qc2 Qd6 17.f4 Nd5 18.Na3 b5 19.Rfc1 Bb7 20.Qd3 Rac8 21.Rc5 Bd8 22.Rac1 Bb6
23.R5c2 a6 24.Nb1 c5 25.dxc5 Bxc5 26.Rxc5 Rxc5 27.Nc3 Qc7 28.Re1 Nxc3 29.Bxc3
Rd8 30.Qe2 Bxg2 31.Qxg2 Qc6 32.Qxc6 Rxc6 33.Kf2 Rc4 34.a3 Kf7 35.h3 h6 36.h4
g6 37.Ke2 Rd5 38.Rh1 h5 39.Rc1 a5 40.Ra1 b4 41.axb4 axb4 42.Ra7+ Ke8 43.Ra4
bxc3 44.Rxc4 Rd2+ 45.Ke1 cxb2 46.Rb4 Rc2 {#R} 0-1

[Event "It (open)"]
[Site "masterchessopen.com Seefeld (Austria)"]
[Round "2"]
[White "Burmakin Vladimir (RUS)"]
[Black "Igney Volkhard (GER)"]
[Result "1-0"]
[WhiteElo "2538"]
[BlackElo "2171"]

1.d4 d5 2.c4 e6 3.Nf3 Nf6 4.g3 Bb4+ 5.Bd2 Bxd2+ 6.Nbxd2 O-O 7.Bg2 c6 8.O-O
Nbd7 9.Qc2 Qe7 10.e4 dxe4 11.Nxe4 c5 12.Rad1 Nxe4 13.Qxe4 cxd4 14.Nxd4 Qc5
15.Nb5 Nf6 16.Qd4 Qxd4 17.Rxd4 Bd7 18.Bxb7 Rab8 19.Nd6 Ne8 20.Bf3 Rxb2 21.Nxe8
Bxe8 22.Rc1 e5 23.Rd6 f5 24.c5 e4 25.Bd1 Rb7 26.Bb3+ Bf7 27.c6 Rbb8 28.c7 Rbc8
29.Bd1 Bxa2 30.Be2 Rf7 31.Rd8+ {#r} 1-0

[Event "It (open)"]
[Site "masterchessopen.com Vlissingen (Netherlands)"]
[Round "2"]
[White "Janssen Ruud (NED)"]
[Black "De Wolf C (NED)"]
[Result "1-0"]
[WhiteElo "2414"]
[BlackElo "2017"]

1.Nf3 d5 2.d4 Nf6 3.c4 e6 4.g3 Bb4+ 5.Bd2 Bxd2+ 6.Nbxd2 O-O 7.Bg2 c6 8.O-O
Nbd7 9.Qc2 h6 10.Rad1 a5 11.h3 Nb6 12.Ne5 Nfd7 13.Nxd7 Bxd7 14.c5 Nc8 15.e4 b5
16.e5 Qg5 17.Nf3 Qg6 18.Rd3 Ne7 19.Qd2 Qh7 20.Re1 Rfb8 21.Bf1 Ra7 22.Rde3 Nf5
23.Bd3 g6 24.R3e2 Bc8 25.Qf4 b4 26.Rd2 Ba6 27.Bb1 a4 28.Nh2 Kf8 29.Ng4 h5
30.Bxf5 gxf5 31.Nf6 Qg6 32.Qh4 Bc4 33.Ra1 f4 34.Qxh5 Qxh5 35.Nxh5 fxg3 36.fxg3
Ke7 37.Kg2 Rh8 38.Nf6 Raa8 39.h4 Rh6 40.h5 Rxf6 41.exf6+ Kxf6 42.Rf2+ Kg7
43.a3 b3 44.Re1 Bd3 45.g4 Be4+ 46.Kg3 f6 47.Ref1 Bd3 48.h6+ Kh7 49.Re1 e5
50.dxe5 fxe5 51.Rxe5 Ra5 52.Rf7+ Kxh6 53.Re6+ Bg6 54.Kh4 Rxc5 55.g5# 1-0

[Event "It (open)"]
[Site "masterchessopen.com Zalakaros (Hungary)"]
[Round "3"]
[White "Kustar Sandor (HUN)"]
[Black "Sinkovics Peter (HUN)"]
[Result "1-0"]
[WhiteElo "2383"]
[BlackElo "2336"]

1.Nf3 d5 2.d4 Nf6 3.c4 e6 4.g3 Bb4+ 5.Bd2 Qe7 6.Bg2 Nc6 7.O-O Ne4 8.Bf4 Bd6
9.Bc1 dxc4 10.Qc2 Nf6 11.e4 e5 12.d5 Nb8 13.Nbd2 O-O 14.Nxc4 Nbd7 15.b3 Nb6
16.Ne3 Bd7 17.Nh4 g6 18.Bb2 Nh5 19.Rac1 Rac8 20.Qd1 Ng7 21.Qd2 f5 22.exf5 gxf5
23.Rfe1 Qf7 24.Nc4 e4 25.f3 Bc5+ 26.Kh1 Nxc4 27.Rxc4 e3 28.Qc3 Bb6 29.f4 Bb5
30.Nxf5 {#r} 1-0